<?xml version="1.0" encoding="UTF-8"?>
<marc:record xmlns:marc="http://www.loc.gov/MARC21/slim">
   <marc:leader>00000nam a2200000 a 4500</marc:leader>
   <marc:datafield ind1="1" ind2=" " tag="100">
      <marc:subfield code="a">Frass, Wolf</marc:subfield>
   </marc:datafield>
   <marc:datafield ind1="0" ind2="0" tag="245">
      <marc:subfield code="a">Ninjago 4</marc:subfield>
   </marc:datafield>
   <marc:datafield ind1="0" ind2="0" tag="245">
      <marc:subfield code="b">Masters of Spinjitzu</marc:subfield>
   </marc:datafield>
   <marc:datafield ind1=" " ind2="1" tag="264">
      <marc:subfield code="b">Lego</marc:subfield>
      <marc:subfield code="c">2012</marc:subfield>
   </marc:datafield>
   <marc:datafield ind1="1" ind2=" " tag="490">
      <marc:subfield code="a">Ninjago</marc:subfield>
      <marc:subfield code="v">4</marc:subfield>
   </marc:datafield>
   <marc:datafield ind1="1" ind2=" " tag="520">
      <marc:subfield code="a">Der Große Schlangenmeister macht sich auf, alles zu verschlingen - sogar Ninjago Stadt. Er scheint übermächtig und die Ninja sind ratlos, wie sie ihm gegenübertreten sollen. Doch gemeinsam mit ihrem alten Feind Lord Garmadon entwickeln sie einen Plan, um dem Großen Schlangenmeister das Handwerk zu legen. Wird es ihnen mit vereinten Kräften gelingen, den Schlangenmeister aufzuhalten, bevor dieser Ninjago Stadt für immer zerstört?</marc:subfield>
   </marc:datafield>
   <marc:datafield ind1=" " ind2=" " tag="020">
      <marc:subfield code="a">8725434232</marc:subfield>
      <marc:subfield code="9">8725434232</marc:subfield>
   </marc:datafield>
   <marc:datafield ind1="0" ind2=" " tag="490">
      <marc:subfield code="v">0</marc:subfield>
   </marc:datafield>
   <marc:datafield ind1=" " ind2=" " tag="300">
      <marc:subfield code="a">ca. 70 Min.</marc:subfield>
   </marc:datafield>
</marc:record>
